| 000 | 00942nac a22003011u 4500 | ||
|---|---|---|---|
| 003 | EG-ScBUE | ||
| 005 | 20220615133737.0 | ||
| 008 | 200219r20062001enkb f 000 0 eng d | ||
| 020 | _a0521798485 (pbk.) | ||
| 020 | _a9780521798488 | ||
| 040 |
_aEG-ScBUE _beng _erda _cEG-ScBUE _dEG-ScBUE |
||
| 082 | 0 | 4 |
_a428.64 _bWIL _222 |
| 100 | 1 |
_aWilson, Judith, _d1947- _eauthor. |
|
| 245 | 1 | 0 |
_aStaying together / _cJudith Wilson. |
| 250 | _aSeventh printing. | ||
| 264 | 1 |
_aCambridge : _bCambridge University Press, _c2006. |
|
| 300 |
_a80 pages : _bmaps ; _c20 cm. |
||
| 336 |
_2rdacontent _atext _btxt |
||
| 337 |
_2rdamedia _aunmediated _bn |
||
| 338 |
_2rdacarrier _avolume _bnc |
||
| 490 | 0 |
_aCambridge English readers ; _vlevel 4 |
|
| 650 | 7 |
_aReaders (Adult) _2BUEsh |
|
| 650 | 7 |
_aEnglish language _vTextbooks for foreign speakers. _2BUEsh |
|
| 651 | _2BUEsh | ||
| 653 | _bHHUUEENN | ||
| 655 |
_vReading book _934232 |
||
| 942 |
_cBB _2ddc |
||
| 999 |
_c3239 _d3239 |
||